36 tác phẩm mới
Wedi'i Gadw mewn:
| Fformat: | Llyfr |
|---|---|
| Iaith: | Undetermined |
| Cyhoeddwyd: |
Tp. HCM
Bảo tàng mỹ thuật
1994
|
| Pynciau: | |
| Tagiau: |
Ychwanegu Tag
Dim Tagiau, Byddwch y cyntaf i dagio'r cofnod hwn!
|
| Thư viện lưu trữ: | Trung tâm Học liệu Trường Đại học Cần Thơ |
|---|
| LEADER | 00458nam a2200169Ia 4500 | ||
|---|---|---|---|
| 001 | CTU_53149 | ||
| 008 | 210402s9999 xx 000 0 und d | ||
| 020 | |b 45000 | ||
| 082 | |a 759.9 | ||
| 082 | |b B100 | ||
| 245 | 0 | |a 36 tác phẩm mới | |
| 245 | 0 | |c Trịnh Cung ...[et al.] | |
| 260 | |a Tp. HCM | ||
| 260 | |b Bảo tàng mỹ thuật | ||
| 260 | |c 1994 | ||
| 650 | |a painting, vietnamese | ||
| 980 | |a Trung tâm Học liệu Trường Đại học Cần Thơ | ||